000 00267nam a2200121Ia 4500
008 190216s9999||||xx |||||||||||||| ||und||
100 _aGupta Alkal
245 0 _aPhotochemistry
260 _bPragathi Prakashan
300 _a183
650 _aChemistry
942 _cBK
999 _c3258
_d3258